000
00252nam a2200097Ia 4500
001
691351
005
20250826161833.0
008
250824s9999 xx 000 0 und d
245
0
_a
KEDER VE MUTLULUK MEG MASON
_c
SEDA SEVİNÇ
260
_b
TİMAŞ YAYINLARI
999
_c
691351
_d
691351